| 000 | 00501nam a2200181Ia 4500 | ||
|---|---|---|---|
| 001 | 7840 | ||
| 005 | 20260306160525.0 | ||
| 008 | 260306t2012||||xx |||||||||||||| ||spa|| | ||
| 041 | _aESP | ||
| 082 |
_a362.8292 _bB24 |
||
| 100 |
_aMinisterio de la Mujer y Poblaciones Vulnerables _eAUT |
||
| 245 | 0 | _aEstado de las investigaciones sobre violencia familiar y sexual en el Perú | |
| 260 | _c2012 | ||
| 300 |
_a169 páginas : _c23 cm. |
||
| 650 | _aGEN | ||
| 654 | _aCED | ||
| 942 |
_cLIB _dJUS _fJUS _2ddc _n |
||
| 999 |
_c7840 _d7840 |
||